000 00957 a2200337 4500
005 20250811112603.0
008 250811b |||||||| |||| 00| 0 eng d
041 _aFr
044 _aCIV
090 _bDG/N/3085
100 _aTAHI, Gnion Mathias
100 _aGUIRAUD, Boguinard Sahin Honorine Brigitte
100 _aTREBISSOU, I. Caudou
100 _aASSI, Evelyne Marise
100 _aCOULIBALY, Klotioloma
110 _aCentre National de Recherche Agronomique
110 _bCote d'Ivoire
245 _aProduction de plants de cacaoyers par la technique de greffage en ecusson
_b: Fiche Technique
260 _aAbidjan
260 _bCNRA
260 _c2025
302 _a2 p.
388 _a2025-08-11
650 _2AGROVOC
_gCacao
650 _gProduction
650 _gPlants
650 _gTechnique
650 _gGreffage
650 _gEcusson
856 _uhttps://ftech.byethost7.com/wp-content/uploads/2025/08/DGN3085.pdf
999 _c5956
_d5956